| 000 | 00527nam a2200205Ia 4500 | ||
|---|---|---|---|
| 003 | OSt | ||
| 005 | 20230329150116.0 | ||
| 008 | 210423s2004 xx 000 0 und d | ||
| 020 | _a8125026568 | ||
| 040 | _cAL | ||
| 041 | _aeng | ||
| 082 | _a820.954 LIMS | ||
| 100 |
_aLIMBALE (Sharankumar). _979690 |
||
| 245 | _aTowards and aesthetic of dalit literature. | ||
| 260 |
_bOrient Longman _c2004 |
||
| 300 |
_axii,176 _bPB |
||
| 365 |
_b220 _cINR |
||
| 906 | _aaesthetic ; dalit ; literature. ; Towards | ||
| 942 |
_2ddc _cBK |
||
| 999 |
_c156418 _d156418 |
||